| 000 | 00000nam##2200000za#4500 |
| 001 | 9.569480 |
| 003 | CaOODSP |
| 005 | 20210624181804 |
| 007 | cr ||||||||||| |
| 008 | 150406|1981||||xxc|||||o f|0| 0 eng|d |
| 040 | |aCaOODSP|beng |
| 043 | |an-cn--- |
| 086 | 1 |aNH18-1/58-1981E-PDF |
| 110 | 2 |aCanada Mortgage and Housing Corporation. |
| 245 | 10|aNature, extent, and impact of residential parking structure deterioration / |h[electronic resource]|cby Trow Ltd. ; principal consultant, J.A. Bickley. |
| 260 | |aOttawa - Ontario : |bCanada Mortgage and Housing Corporation |c1981. |
| 300 | |a82p.|bfigs., graphs, references, tables, photographs |
| 490 | 1 |aResearch report |
| 590 | |a11-06-Supp|b2011-04-14 |
| 720 | 1 |aBickley, J. A. |
| 830 | #0|aResearch report (Canada Mortgage and Housing Corporation : Online)|w(CaOODSP)9.506068 |
| 856 | 40|ahttp://publications.gc.ca|qPDF|s6 MB|uhttps://publications.gc.ca/collections/collection_2011/schl-cmhc/nh18-1/NH18-1-58-1981-eng.pdf |